000 00794nam a2200229 a 4500
001 000015416
003 DO-SdBNP
005 20211202101425.0
008 100208s2005 dr ac 001 0 spa d
020 _a9945130099
040 _aDO-SdBNP
_bspa
_cBNPHU
082 4 _a972.9373
_bB252e
_222
100 1 _aBarias Peña, Luis Ney,
_d1933 -
_934808
245 1 0 _aEpisodios y vivencias banilejas /
_cLuis Ney Barias Peña.
260 _aSanto Domingo :
_bMediabyte,
_c2005.
300 _a595 p. :
_bil., retrs. ;
_c23 cm.
650 4 _aCiudades y pueblos
_zRepública Dominicana
_9784
651 4 _aBaní (República Dominicana)
_xHistoria local
_96339
651 4 _aBaní (República Dominicana)
_xVida social y costumbres
_98310
910 _aValidado. Control de calidad BNPHU
942 _2ddc
_cLBS1
999 _c14975
_d14975